| 000 | 00921cad a22001815a 4500 | ||
|---|---|---|---|
| 001 | E151978 | ||
| 008 | 110117s2010 xxk f 000 0 eng d | ||
| 035 | _a(Sirsi) u151978 | ||
| 041 | 0 | _aeng | |
| 110 | 2 |
_aChartered Institute of Building _92134 |
|
| 245 | 0 | 0 |
_aProcurement in the construction industry _bexecutive summary (online version) _h[electronic resource] |
| 260 |
_aAscot _bCIOB _c2010 |
||
| 520 | _aPresents the results of research into procurement. Suggests that construction professionals consider procurement to be a critical factor in the timely delivery of a project, with 87% of respondents saying that good procurement is synonymous with a successful project. | ||
| 651 | 4 |
_aUnited Kingdom _y |
|
| 690 |
_aProcurement _96260 |
||
| 856 | 4 | 0 |
_uhttps://www.ciob.org.uk/sites/ciob.org.uk/files/Procurement%20Executive%20Summary_0.pdf _zView the survey free of charge (PDF file) at www.ciob.org.uk |
| 942 | _n0 | ||
| 999 |
_c111774 _d111774 |
||